000 00733nam a2200229 i 4500
001 5499
003 ES-MaACL
005 20230906144611.0
007 t|
008 881018s1980 sp ||||1| spa d
020 _a84-291-4614-8
080 _a55.083
100 1 _aIakubovskii, Ju. V.
_964899
245 1 0 _aExploración eléctrica /
_cJu.V. Iakubovskii, L.L. Liajov ; versión española por Juan González Montero.
260 _aBarcelona [etc.] :
_bReverte,
_cD.L.1980.
300 _aXIX, 421 p. ;
_c22 cm.
500 _aBibliografia. Indice.
650 1 4 _aProspección eléctrica.
_916506
700 1 _aLiajov, L. L.
_972147
700 1 _aGonzález Montero, Juan.
_958819
852 _aES-MaACL
_jL-12201
_bR.114784
_z. - Rust.
999 _c5499
_d5499